Southville International School and Colleges
Your cart is empty.
  • Cart
  • Lists
    Public lists Eva Luna New books Lux_list list_1
    Your lists Log in to create your own lists
  • Log in to your account
  • Your cookies
  • Search history
Southville International School and Colleges
  • Advanced search
  • Recent comments
  • Most popular
  • Libraries

Log in to your account

Log in with GOOGLE


If you do not have an external account, but do have a local account, you can still log in:

  1. Home
  2. MARC view: Multimedia concepts /
Normal view MARC view ISBD view

Multimedia concepts / (Record no. 117488)

[ view plain ]
MARC details
000 -LEADER
fixed length control field 00541nam a2200181Ia 4500
008 - FIXED-LENGTH DATA ELEMENTS--GENERAL INFORMATION
fixed length control field 140527s9999 xx 000 0 und d
020 ## - INTERNATIONAL STANDARD BOOK NUMBER
International Standard Book Number 9789814253468
050 ## - LIBRARY OF CONGRESS CALL NUMBER
Classification number QA 76.575
Item number .Sh92 2011
100 ## - MAIN ENTRY--PERSONAL NAME
Personal name Shuman, Jim.
245 ## - TITLE STATEMENT
Title Multimedia concepts /
Statement of responsibility, etc Jim Shuman
250 ## - EDITION STATEMENT
Edition statement Enhanced ed.
260 ## - PUBLICATION, DISTRIBUTION, ETC. (IMPRINT)
Place of publication, distribution, etc Pasig City, Philippines :
Name of publisher, distributor, etc Cengage Learning Asia Pte Ltd. (Philippine Branch),
Date of publication, distribution, etc c2011.
300 ## - PHYSICAL DESCRIPTION
Extent 230 p. :
Other physical details ill. ;
Dimensions 26 cm.
500 ## - GENERAL NOTE
General note Includes glossary and index.
521 ## - TARGET AUDIENCE NOTE
Target audience note
942 ## - ADDED ENTRY ELEMENTS (KOHA)
Call number prefix Foreign
Koha item type Books
Holdings
Withdrawn status Lost status Source of classification or shelving scheme Damaged status Home library Current library Shelving location Date acquired Source of acquisition Total Checkouts Full call number Barcode Date last seen Price effective from Koha item type
    Library of Congress Classification   Archives Archives   05/28/2014 Donation   QA 76.575 .Sh92 2011 C18096 10/30/2014 05/28/2014 Books

Multimedia concepts /

APA

Shuman J., . (2011). Multimedia concepts. Pasig City, Philippines: Cengage Learning Asia Pte Ltd. (Philippine Branch).

Chicago

Shuman Jim, . 2011. Multimedia concepts. Pasig City, Philippines: Cengage Learning Asia Pte Ltd. (Philippine Branch).

Harvard

Shuman J., . (2011). Multimedia concepts. Pasig City, Philippines: Cengage Learning Asia Pte Ltd. (Philippine Branch).

MLA

Shuman Jim, . Multimedia concepts. Pasig City, Philippines: Cengage Learning Asia Pte Ltd. (Philippine Branch). 2011.

  • Place hold
  • Print
  • Cite
  • Add to your cart (remove)
  • Save record
    BIBTEX Dublin Core MARCXML MARC (non-Unicode/MARC-8) MARC (Unicode/UTF-8) MARC (Unicode/UTF-8, Standard) MODS (XML) RIS
  • More searches
    Search for this title in:
    Other Libraries (WorldCat) Other Databases (Google Scholar) Online Stores (Bookfinder.com) Open Library (openlibrary.org)

Exporting to Dublin Core...

SOUTHVILLE LIBRARY

Southville International School and Colleges Library

1281 Tropical Ave. Cor. Luxembourg St., BF Homes International, Las Pinas City

Tel. No. 8256374 / 252358 Loc. 117/146

Powered by Koha